• 首页
  • 本馆介绍
  • 公告通知
  • 最新文献
  • 馆藏检索
  • 电子资源
  • 读者导购
  • 参考咨询
  • 我的图书馆
  • 登录
  • 详细信息显示
  • 放入我的书架
  • 预约/预借图书
  • 作者相关作品
  • 分类相关作品
  • 丛书相关作品
  • 出版社相关作品

书目信息

  • 表格格式
  • 工作单格式
  • 卡片格式
题名:
建筑防火
    
 
作者: ;公安部人民警察干部学校 编
分册:  
出版信息: 北京   群众出版社  1979
页数: 212页
开本: 19cm
丛书名:
单 册:
中图分类: TU998.12
科图分类:
主题词: 建筑-防火 , 防火-建筑
电子资源:
ISBN:
000 00660nam0 2200241 45
001 0179006868
005 20060805152231.57
010    @dCNY0.72
091    @a13067.38
100    @a19950728d1979 em y0chiy0121 ea
101 0  @achi
102    @aCN@b110000
105    @ay z 000yy
200 10 @a建筑防火@Ajian zhu fang huo@f公安部人民警察干部学校编
210    @a北京@c群众出版社@d1979
215    @a212页@d19cm
300    @a内部发行
606    @a建筑-防火
606    @a防火-建筑
690    @aTU998.12@v3
711 02 @a公安部人民警察干部学校@Agong an bu ren min jing cha gan bu xue xiao@4编
801  0 @aCN@bTSSF@c20060805
905    @a10447@dTU998.12@e266
    
    建筑防火/公安部人民警察干部学校编.-北京:群众出版社,1979
    212页;19cm
    内部发行
    
    ISBN :CNY0.72
    
●
相关链接 在E读中查询图书 在五车中查询图书 在当当中查询图书 在豆瓣中查询图书


正题名:建筑防火     索取号:TU998.12/266         预约/预借

序号 登录号 条形码 馆藏地/架位号 状态 备注
1 0451610   204516103   密集书库/ [索取号:TU998.12/266] 在馆    
唐山师范学院图书馆 欢迎您!
大连网信软件有限公司© 版权所有